Arq UDA proyectos 2018. UDA-2018 / (02) :

Bibliographic Details
Other Authors: Sotomayor Bustos, Cristian Marcelo (Editor), Ayala Alvarez, Esteban (Editor)
Format: Electronic eBook
Language:Spanish
Published: Cuenca, [Ecuador] : Universidad del Azuay, Casa Editora, [2019]
Subjects:
Online Access:Digitalia Hispánica

MARC

LEADER 00000nam a2200000Ii 4500
001 DIGUAZUAY0212
003 NyNyDIG
006 m o d
007 cr |||||||||||
008 251104s2019 ec ae o 000 0 spa d
035 |a (OCoLC)1548426061 
040 |a DGITA  |b eng  |e rda  |e pn  |c DGITA 
020 |a 9789942778949  |q eBook 
020 |z 9789942778932 
050 1 4 |a NA2000 ebook 
245 0 0 |a Arq UDA proyectos 2018.  |n (02) :  |b UDA-2018 /  |c editores, Cristian Sotomayor Bustos, Esteban Ayala Alvarez. 
264 1 |a Cuenca, [Ecuador] :  |b Universidad del Azuay, Casa Editora,  |c [2019] 
300 |a 1 online resource :  |b illustrations, plans. 
336 |a text  |b txt  |2 rdacontent 
337 |a computer  |b c  |2 rdamedia 
338 |a online resource  |b cr  |2 rdacarrier 
347 |a text file  |2 rdaft 
347 |b PDF 
588 0 |a Online resource; title from PDF title page (Digitalia, viewed November 4, 2025) 
650 0 |a Architecture  |x Study and teaching. 
700 1 |a Sotomayor Bustos, Cristian Marcelo,  |e editor. 
700 1 |a Ayala Alvarez, Esteban,  |e editor. 
791 2 |a Digitalia (Firm),  |e distributor. 
793 0 |g Digitalia eBook Collection:  |a Universidad del Azuay 
776 0 8 |i Print version:  |t Arq UDA proyectos 2018. (02).  |d Cuenca, [Ecuador] : Universidad del Azuay, Casa Editora, [2019]  |z 9789942778932 
856 4 0 |3 Digitalia Hispánica  |u https://www.digitaliapublishing.com/a/133597/ 
910 |a Premium collection: 2025